Statistics for Countries That No Longer Have McDonald's

Click here to take the quiz!

General Stats

  • This quiz has been taken 248 times
  • The average score is 6 of 7

Answer Stats

Why were they closed down? Country % Correct
A 1979 Revolution stopped its last one in TehranIran
98%
Closed due to slow sales/cost. Last seen near SucreBolivia
89%
Closed down at the collapse of the Icelandic kronaIceland
87%
Governmental and sales problems on this island countryJamaica
78%
Opened near Podgorica, then closed due to lack of locationMontenegro
76%
Dispute in this former Yugoslav's contractual obligationsMacedonia
72%
An extremely slow sale in this tiny Caribbean nationBarbados
66%

Score Distribution

Percentile by Number Answered

Percent of People with Each Score

Your Score History

You have not taken this quiz